Kežmarok

Zobrazenie: Pohľad na časť Baziliky svätého Kríža z ulice. Po oboch stranách ulice vidno domy. Vľavo popred budovy vedie chodník. V pozadí sa hrajú dve deti. Vľavo od nich vidno vysoký listnatý strom

Podrobná bibliografia
Médium: Fotografia
Jazyk:slovenčina
PhysicalDescription:1 pohľadnica čiernobiela 14 x 9 cm
Vydavateľské údaje: Martin Bratislava Osveta, n. p. PŠK-HSV 1958
Predmet:

MARC

LEADER 00000ckm a2200000 a 4500
001 vtls011593412
003 SK-MaSNL
005 20260301181018.0
007 kf bo
008 240131s1958 xo g kuslo
015 |a SNBG1958 
035 |a urn:nbn:sk:snk-km00dsnk 
035 |a urn:nbn:sk:snk-km3lv64 
035 |a 50E569AC-D579-472F-AB87-E8D1A553F691 
040 |a SNK  |b slo  |c SNK  |e AACR2 
041 0 |a slo 
043 |a e-xo--- 
044 |a xo  |c SK 
072 7 |a 913  |x Regionálna geografia  |2 konspekt 
080 |a 913(437.6)  |2 2011 
080 |a 726:27-523.42  |2 2011 
080 |a 711.73  |2 2011 
080 |a 721  |2 2011 
080 |a 904(084.121)  |2 2011 
245 0 0 |a Kežmarok  |h grafika 
260 |a Martin  |b Osveta, n. p.  |a Bratislava  |b PŠK-HSV  |c 1958 
300 |a 1 pohľadnica  |b čiernobiela  |c 14 x 9 cm 
520 8 |a Zobrazenie: Pohľad na časť Baziliky svätého Kríža z ulice. Po oboch stranách ulice vidno domy. Vľavo popred budovy vedie chodník. V pozadí sa hrajú dve deti. Vľavo od nich vidno vysoký listnatý strom 
650 0 7 |a baziliky  |2 SNKPH  |9 54566 
650 0 7 |a ulice  |2 SNKPH  |9 2938 
650 0 7 |a budovy  |2 SNKPH  |9 1283 
651 7 |a Kežmarok (Slovensko)  |2 SNKPHgeo  |9 26808 
655 7 |a pohľadnice kultúrnych pamiatok  |2 SNKPH  |9 70523 
655 7 |a miestne pohľadnice  |2 SNKPH  |9 70510 
852 |a Slovenská národná knižnica 
958 |a GBN 
958 |a GC 
958 |a OND 
958 |a EUIPO 
999 |c 848421  |d 850351 
952 |a SNK  |b SNK  |y PREZ  |7 0  |p 17A1212433  |o snkSP 14130  |0 0  |1 0  |4 0  |d 2016-11-16  |f 1  |l 0  |r 2026-02-24 04:33:40  |w 2026-02-24